| 000 | 01375pam a2200361 a 4500 | ||
|---|---|---|---|
| 001 | 2976703 | ||
| 003 | OSt | ||
| 005 | 20140310184443.0 | ||
| 008 | 920323s1993 nyua j b 001 0 eng | ||
| 010 | _a 92013247 | ||
| 020 |
_a0590454188 : _c$13.95 |
||
| 040 |
_aDLC _cDLC _dDLC |
||
| 042 | _alcac | ||
| 043 | _an-us--- | ||
| 050 | 0 | 0 |
_aE 450 _b.H315 1993 |
| 100 | 1 |
_aHaskins, James, _d1941-2005. _927621 |
|
| 245 | 1 | 0 |
_aGet on board : _bthe story of the underground railroad / |
| 260 |
_aNew York : _bScholastic, _c1993. |
||
| 300 |
_a152 p. : _bill. ; _c22 cm. |
||
| 504 | _aIncludes bibliographical references (p. 145-147) and index. | ||
| 520 | _aDiscusses the Underground Railroad, the secret, loosely organized network of people and places that helped many slaves escape north to freedom. | ||
| 521 | _aG9 | ||
| 526 | _c1180 | ||
| 562 | _e1 | ||
| 650 | 0 |
_aUnderground Railroad _vJuvenile literature. _927622 |
|
| 650 | 0 |
_aFugitive slaves _zUnited States _xHistory _y19th century _vJuvenile literature. _927623 |
|
| 650 | 1 |
_aUnderground Railroad. _922835 |
|
| 650 | 1 |
_aFugitive slaves. _925212 |
|
| 906 |
_a7 _bcbc _corignew _d1 _eocip _f19 _gy-gencatlg |
||
| 942 |
_2lcc _cBK-SCHOLAS |
||
| 999 |
_c34487 _d34487 |
||